Men and development : politicizing masculinities /

Men and Development: Politicizing Masculinities features an exciting collection of contributions from some of today's leading thinkers and practitioners in the field of men, masculinities and development. Together, contributors challenge the neglect of the structural dimensions of patriarchal p...

Full description

Bibliographic Details
Other Authors: Cornwall, Andrea, 1963- (Editor), Edström, Jerker (Editor), Greig, Alan (Editor)
Format: eBook
Language:English
Published: London, England : Zed Books, 2011.
Subjects:
Online Access:Connect to the full text of this electronic book

MARC

Tag First Indicator Second Indicator Subfields
LEADER 00000nam a2200000 i 4500
001 in00004767775
006 m o d
007 cr cn|||||||||
008 210311t20212011enk ob 101 0 eng d
005 20240130221238.2
016 |z 015857007 (print) 
019 |a 748215850  |a 781426906  |a 816859475  |a 954577231  |a 1148156579 
020 |a 9781350221352  |q (ebook) 
020 |z 9781848139794  |q (print) 
020 |z 9781848139800  |q (PDF) 
020 |z 1848139802  |q (electronic book) 
020 |z 1283238659  |q (print) 
020 |z 9781283238656  |q (print) 
020 |z 1848139780  |q (paperback) 
020 |z 9781848139787  |q (print) 
020 |z 1848139799  |q (print) 
024 7 |a 10.5040/9781350221352  |2 doi 
035 |a (OCoLC)752380928 
035 |a (CaBNVSL)9781350221352 
040 |a AZU  |b eng  |e rda  |c CaBNVSL  |d CaBNVSL 
043 |a n-us--- 
050 4 |a HQ1090  |b .M46 2011eb 
072 7 |a JFSJ2  |2 bicssc 
082 0 4 |a 305.31  |2 23 
245 0 0 |a Men and development :  |b politicizing masculinities /  |c edited by Andrea Cornwall, Jerker Edström and Alan Greig. 
264 1 |a London, England :  |b Zed Books,  |c 2011. 
264 2 |a [London, England] :  |b Bloomsbury Publishing,  |c 2021 
300 |a 1 online resource (xv, 247 pages). 
336 |a text  |b txt  |2 rdacontent 
337 |a computer  |b c  |2 rdamedia 
338 |a online resource  |b cr  |2 rdacarrier 
504 |a Includes bibliographical references and index. 
505 0 |a pt. 1. Embodiments and transgressions -- part 2. Structures : inequities, violence, power -- part 3. Engagements : changing masculinities. 
506 |a Abstract freely available; full-text restricted to individual document purchasers. 
520 |a Men and Development: Politicizing Masculinities features an exciting collection of contributions from some of today's leading thinkers and practitioners in the field of men, masculinities and development. Together, contributors challenge the neglect of the structural dimensions of patriarchal power relations in current development policy and practice, and the failure to adequately engage with the effects of inequitable sex and gender orders on both men's and women's lives. The book calls for renewed engagement in efforts to challenge and change stereotypes of men, to dismantle the structural barriers to gender equality, and to mobilize men to build new alliances with women's movements and other movements for social and gender justice. 
530 |a Also published in printing. 
532 0 |a Compliant with Level AA of the Web Content Accessibility Guidelines. Content is displayed as HTML full text which can easily be resized or read with assistive technology, with mark-up that allows screen readers and keyboard-only users to navigate easily 
538 |a Mode of access: World Wide Web. 
588 0 |a Print version record. 
650 0 |a Men  |x Social aspects. 
650 0 |a Masculinity  |x Social aspects. 
650 7 |a Development studies  |2 bicssc 
655 7 |a Electronic books.  |2 local 
700 1 |a Cornwall, Andrea,  |d 1963-  |e editor. 
700 1 |a Edström, Jerker,  |e editor. 
700 1 |a Greig, Alan,  |e editor. 
776 0 8 |i Print version:  |t Men and development.  |d London ; New York : Zed Books, 2011  |z 9781848139794  |w (OCoLC)744565066 
852 |x 9781848139800 
856 4 0 |u http://proxy.library.tamu.edu/login?url=https://doi.org/10.5040/9781350221352?locatt=label:secondary_bloomsburyCollections  |z Connect to the full text of this electronic book  |t 0 
955 |a Bloomsbury Open Collections Backlist Titles 
999 f f |s 93dd7fab-af0e-4cde-8a42-e4cfb1112058  |i b0819e3b-fc6b-480b-8481-e8c432f931b2  |t 0 
952 f f |a Texas A&M University  |b College Station  |c Electronic Resources  |d Available Online  |t 0  |e HQ1090 .M46 2011eb  |h Library of Congress classification 
998 f f |a HQ1090 .M46 2011eb  |t 0  |l Available Online